Inventarizácia majetku, záväzkov a rozdielu majetku a záväzkov bakalárska práca

Salvato in:
Dettagli Bibliografici
Autore principale: Csorosz, Kristián
Ente Autore: Podnikovohospodárska fakulta EU so sídlom v Košiciach. Katedra účtovníctva a financií
Altri autori: Manová, Eva, 1957-
Natura: Libro
Lingua:slovacco
Pubblicazione: Košice 2009
Tags: Aggiungi Tag
Nessun Tag, puoi essere il primo ad aggiungerne!!

MARC

LEADER 00000nam$a2200000$$$4500
001 0105922
005 20240320075008.8
041 0 |a slo 
044 |a SK 
245 1 0 |a Inventarizácia majetku, záväzkov a rozdielu majetku a záväzkov  |b bakalárska práca  |c Kristián Csorosz ; škol. Eva Manová 
264 1 |a Košice  |c 2009 
300 |a 57 s. 
100 1 |a Csorosz, Kristián 
700 1 |a Manová, Eva, 1957- 
710 2 |a Podnikovohospodárska fakulta EU so sídlom v Košiciach. Katedra účtovníctva a financií